LEADER 00988nam a2200241 i 4500 001 000000131390 003 CaOOAMICUS 005 20041117000000.0 008 041117s1979 it u000 u ita u 013 $a104262 040 $aSeMil$bita 100 1 $aFedeli, Sergio.$0(OLS)http://semarc/name/54285 245 10$aDroga: proposte per una prevenzione /$cSergio Fedeli. 260 $aBrezzo di Bedero (VA) :$bSalcom,$c1979. 300 $a135 p. ;$c20 cm. 490 0 $a«... e mi avete visitato» (Mt.25, 36) ;$v11 650 4$aTossicomania.$0(OLS)http://semarc/subject/5621 830 0$a...E mi avete visitato : (Mt. 25, 36) ;$v11.$0(OLS)http://semarc/title/10672 850 $aSeMil 852 $aSeMil$W1$xVenegono$y1$m342 1 11 *$j85369$B85369$CSeMilBibl$Z2$F89394 $81 961 $aLascito: Bassani don Emilio 996 $6245$aDroga: proposte per una prevenzione$9(OLS)http://semarc/title/193323 996 $6260$aBrezzo di Bedero (VA) :$bSalcom$9(OLS)http://semarc/publisher/32180 LEADER 01184nam a2200205 i 4500 001 000000091083 003 CaOOAMICUS 005 20151218000000.0 008 151218s1872 xx u000 u fre u 013 $a63325 040 $aSeMil$bita 100 1 $aAlbanès, Joseph Hyacinthe,$d<1822-1897>.$0(OLS)http://semarc/name/14273 245 10$aAbrégé de la vie et des miracles du bienheureux Urbain 5. :$bdont le culte a été approuvé par N. S. P. le pape Pie 9., le 10 mars 1870 et dont les reliques reposent à Marseille dans l'église de Saint-Victor /$cpar l'abbé J.-H. Albanès. 260 $aParis :$bÉtienne Repos,$c1872. 300 $a211 p. ;$c19 cm. 600 04$aUrbano V .$0(OLS)http://semarc/subject/16659 850 $aSeMil 852 $aSeMil$W1$xVenegono$y1$m3J II 69 FA$j54044$B54044$CSeMilBibl$Z2$F58684 $8I 996 $6245$aAbrégé de la vie et des miracles du bienheureux Urbain 5. :$bdont le culte a été approuvé par N. S. P. le pape Pie 9., le 10 mars 1870 et dont les reliques reposent à Marseille dans l'église de Saint-Victor$9(OLS)http://semarc/title/137212 996 $6260$aParis :$bÉtienne Repos$9(OLS)http://semarc/publisher/43773